Players who won the UCL and the World Cup – Sudden Death - Statistics

General Stats
  • This quiz has been taken 98 times
  • The average score is 5 of 15
Answers on the Grid
Answers color-coded by a green-red scale on the quiz's grid according to % correct below.
Zinedine Zidane
Thierry Henry
Bixente Lizarazu
Julian Álvarez
Andrés Iniesta
Kaká
Manuel Neuer
Ángel Di María
Olivier Giroud
Ousmane Dembélé
Ronaldinho
Didier Deschamps
Didi
N'Golo Kanté
Fabien Barthez
David Beckham
Neymar
Diego Maradona
Fabio Cannavaro
Mesut Özil
Mats Hummels
Pelé
Kylian Mbappé
Karim Benzema
Paolo Maldini
Antoine Griezmann
Zlatan Ibrahimović
Cristiano Ronaldo
Ronaldo (R9)
Gianluigi Buffon
 
Answer Stats
Answer % Correct
World Cup 2010 / UCL 2006, 2009, 2011, 2015 Andrés Iniesta
60%
World Cup 2002 / UCL 2007 Kaká
58%
World Cup 2014 / UCL 2013, 2020 Manuel Neuer
48%
World Cup 2022 / UCL 2014 Ángel Di María
44%
World Cup 2018 / UCL 2025 Ousmane Dembélé
42%
World Cup 1998 / UCL 2002 Zinedine Zidane
42%
World Cup 2002 / UCL 2006 Ronaldinho
40%
World Cup 2022 / UCL 2023 Julian Álvarez
36%
World Cup 2018 / UCL 2021 N'Golo Kanté
36%
World Cup 1998 / UCL 2009 Thierry Henry
36%
World Cup 2018 / UCL 2021 Olivier Giroud
26%
World Cup 1998 / UCL 1993, 1996 Didier Deschamps
20%
World Cup 1998 / UCL 2001 Bixente Lizarazu
14%
World Cup 1998 / UCL 1993 Fabien Barthez
12%
World Cup 1958, 1962 / UCL 1960 Didi
10%
No matching quizzes found
Score Distribution
Percent of People with Each Score
Percentile by Number Answered
Your Score History
You have not taken this quiz